[Event "4NCL Online Division 4"]
[Site "online"]
[Date "2021.04.06"]
[EventDate "2021.04.06"]
[Round "6.31"]
[White "Johnson, Paul A"]
[WhiteElo "1797"]
[WhiteTeam "Bradford DCA Knights B"]
[Black "Ball, Matthew P"]
[BlackElo "1794"]
[BlackTeam "Doughnuts of Doom"]
[Result "1-0"]
[PlyCount "89"]

1. d4 d6 2. e4 Nf6 3. Nc3 Nbd7 4. f4 e5 5. Nf3 exd4 6. Nxd4 g6 7. Bc4 Bg7 8. O-O O-O 9. Nf3 Re8 10. Re1 Nb6 11. Bb3 Be6 12. Qe2 d5 13. e5 Nfd7 14. Nb5 a6 15. Nbd4 c5 16. Nxe6 fxe6 17. c3 Nc8 18. Be3 b5 19. Ng5 Qc7 20. Nxe6 Qc6 21. Nc7 c4 22. Nxe8 cxb3 23. Nxg7 Kxg7 24. axb3 Ne7 25. g4 Qe6 26. Bd4 Rf8 27. Rf1 Kg8 28. Rf2 Nc6 29. Rd1 Rf7 30. h3 Na5 31. Qc2 Nc6 32. Rdd2 Ne7 33. Rf3 Nb8 34. Rg2 Kf8 35. Bc5 Nc6 36. Qf2 Ke8 37. Bxe7 Nxe7 38. Qa7 Nc8 39. Qa8 Ra7 40. Qb8 Qc6 41. e6 Rc7 42. f5 d4 43. f6 dxc3 44. Rxc3 Qd6 45. Qxc8+ 1-0

[Event "4NCL Online Division 4"]
[Site "online"]
[Date "2021.04.06"]
[EventDate "2021.04.06"]
[Round "6.32"]
[White "Maton, Emily"]
[WhiteElo "1692"]
[WhiteTeam "Doughnuts of Doom"]
[Black "Clarke, Paul R H"]
[BlackElo "1729"]
[BlackTeam "Bradford DCA Knights B"]
[Result "1-0"]
[PlyCount "49"]

1. g3 d5 2. Nf3 c6 3. Bg2 Bf5 4. d4 e6 5. O-O h6 6. c4 Nf6 7. cxd5 exd5 8. Nc3 Ne4 9. Bf4 Nd7 10. Ne5 Nxc3 11. bxc3 Nxe5 12. Bxe5 f6 13. Bf4 Bd6 14. Qd2 O-O 15. Rac1 Re8 16. Bxd6 Qxd6 17. c4 dxc4 18. Rxc4 Qe6 19. Rb4 b6 20. d5 Qd6 21. Qf4 Qxf4 22. Rxf4 Bg6 23. dxc6 Rxe2 24. c7 Rc2 25. Bxa8 1-0

[Event "4NCL Online Division 4"]
[Site "online"]
[Date "2021.04.06"]
[EventDate "2021.04.06"]
[Round "6.33"]
[White "Adam, David W"]
[WhiteElo "1725"]
[WhiteTeam "Bradford DCA Knights B"]
[Black "Ball, Katie C"]
[BlackElo "1525"]
[BlackTeam "Doughnuts of Doom"]
[Result "1-0"]
[PlyCount "127"]

1. c4 f5 2. d3 e5 3. Nc3 Nf6 4. g3 Bc5 5. Bg2 d6 6. Nf3 O-O 7. O-O Nc6 8. e3 Qe8 9. a3 a5 10. Nb5 Bb6 11. d4 Qh5 12. dxe5 dxe5 13. Nh4 Qf7 14. Qc2 Ng4 15. h3 Nh6 16. Bd5 Be6 17. Bxe6 Qxe6 18. c5 Qd5 19. cxb6 Qxb5 20. bxc7 Rac8 21. Bd2 Rxc7 22. Rac1 Rcc8 23. Qc4+ Qxc4 24. Rxc4 g5 25. Nf3 Nd4 26. Rxc8 Nxf3+ 27. Kg2 Rxc8 28. Kxf3 Rc2 29. Bc3 e4+ 30. Kg2 b5 31. Rd1 b4 32. axb4 axb4 33. Rd2 Rxd2 34. Bxd2 b3 35. Kf1 Nf7 36. Bc3 Nd6 37. Ke2 Nc4 38. g4 f4 39. exf4 gxf4 40. f3 e3 41. Kd3 Nb6 42. Be5 Nd5 43. h4 Kf7 44. h5 Ke6 45. Bd4 Nb4+ 46. Ke2 Kd5 47. Bc3 Na6 48. Bf6 Nc5 49. Bc3 Na4 50. Bg7 Kc4 51. h6 Nc5 52. g5 Nd3 53. g6 Nc1+ 54. Ke1 hxg6 55. h7 e2 56. h8=Q Kd3 57. Qd8+ Ke3 58. Qd4+ Kxf3 59. Qd2 Kg2 60. Qxc1 f3 61. Qg5+ Kh3 62. Qxg6 Kh2 63. Be5+ Kh1 64. Qh5+ 1-0

[Event "4NCL Online Division 4"]
[Site "online"]
[Date "2021.04.06"]
[EventDate "2021.04.06"]
[Round "6.34"]
[White "Ball, Charlie"]
[WhiteElo "1467"]
[WhiteTeam "Doughnuts of Doom"]
[Black "Tait, Bill"]
[BlackElo "1707"]
[BlackTeam "Bradford DCA Knights B"]
[Result "1/2-1/2"]
[PlyCount "101"]

1. d4 d5 2. Bf4 Nf6 3. e3 c6 4. Bd3 e6 5. Nd2 Bd6 6. Bg3 h6 7. c3 Nbd7 8. Ngf3 b6 9. Bxd6 c5 10. Be5 c4 11. Bc2 O-O 12. O-O b5 13. Bb1 Nxe5 14. dxe5 Ne8 15. Qc2 g6 16. e4 Bb7 17. exd5 Bxd5 18. Rd1 Ng7 19. a4 a6 20. axb5 axb5 21. Rxa8 Qxa8 22. Ne4 Nf5 23. Nf6+ Kg7 24. Nxd5 exd5 25. Qd2 Ne7 26. Qd4 Qb7 27. e6+ f6 28. Re1 Kh7 29. Nh4 f5 30. g4 fxg4 31. Qxg4 Rg8 32. Kf1 Qc7 33. Qg3 Qd8 34. Ke2 Qb6 35. Rg1 Qxe6+ 36. Kf1 Qf6 37. Nf3 Nf5 38. Bxf5 Qxf5 39. Nh4 Qb1+ 40. Kg2 Qxb2 41. Kh1 Qc2 42. Nf3 Qe4 43. Qg4 Qc2 44. Rg3 Qxf2 45. Qd7+ Rg7 46. Ng5+ Kh8 47. Qe8+ Rg8 48. Qe5+ Rg7 49. Qe8+ Rg8 50. Qe5+ Rg7 51. Qe8+ 1/2-1/2

[Event "4NCL Online Division 4"]
[Site "online"]
[Date "2021.04.06"]
[EventDate "2021.04.06"]
[Round "6.41"]
[White "Fink-Nunn, Petra"]
[WhiteTitle "WFM"]
[WhiteElo "2050"]
[WhiteTeam "Bude Surfers"]
[Black "Gill, Veer"]
[BlackElo "1306"]
[BlackTeam "Hatch End B"]
[Result "1-0"]
[PlyCount "133"]

1. e4 e6 2. d4 d5 3. Nc3 Nf6 4. e5 Nfd7 5. f4 c5 6. Nf3 Nc6 7. Be3 Qb6 8. Na4 Qa5+ 9. c3 cxd4 10. b4 Qc7 11. Nxd4 a5 12. Nb5 Qd8 13. a3 Be7 14. Bd3 O-O 15. O-O f6 16. exf6 Nxf6 17. Bb6 Qd7 18. Nc7 Rb8 19. Re1 Bd6 20. Nxe6 Re8 21. Nac5 Qf7 22. Ng5 Qf8 23. Qd2 Nh5 24. Bxh7+ Kh8 25. Rxe8 Qxe8 26. Re1 Qf8 27. Bg6 Nf6 28. Qf2 Kg8 29. Bf7+ Qxf7 30. Nxf7 Kxf7 31. b5 Ne7 32. h3 Ng6 33. f5 Nf4 34. Ne6 Nd3 35. Ng5+ Kf8 36. Qh4 Nxe1 37. Qxe1 Bxf5 38. Bxa5 Bc5+ 39. Kh1 Re8 40. Qh4 Bd6 41. Bb4 Bxb4 42. Qxb4+ Kg8 43. a4 Re1+ 44. Kh2 Rb1 45. Qf4 Bg6 46. Qb8+ Be8 47. Qxb7 Rc1 48. Ne6 Bf7 49. Qc8+ Kh7 50. Ng5+ Kg6 51. Nxf7 Kxf7 52. b6 d4 53. Qb7+ Kg6 54. cxd4 Rd1 55. Qc6 Rxd4 56. b7 Rd8 57. a5 Kf7 58. a6 Ke7 59. a7 Nd7 60. a8=Q Rb8 61. Qxd7+ Kxd7 62. Qxb8 Ke7 63. Qc8 Kd6 64. b8=Q+ Kd5 65. Qb5+ Kd6 66. Qcc6+ Ke7 67. Qbb7+ 1-0

[Event "4NCL Online Division 4"]
[Site "online"]
[Date "2021.04.06"]
[EventDate "2021.04.06"]
[Round "6.42"]
[White "Scales, Barry"]
[WhiteElo "1133"]
[WhiteTeam "Hatch End B"]
[Black "Constable, Christine F"]
[BlackElo "1455"]
[BlackTeam "Bude Surfers"]
[Result "0-1"]
[PlyCount "90"]

1. e4 g6 2. d4 Bg7 3. c3 d6 4. h3 e5 5. d5 Ne7 6. Bc4 Nd7 7. a3 Nc5 8. Bg5 Nxe4 9. Be3 Nf5 10. Ne2 Nxe3 11. fxe3 Qh4+ 12. g3 Nxg3 13. Nxg3 Qxg3+ 14. Kd2 Bh6 15. Re1 Bxh3 16. Qe2 Bg4 17. Qd3 Qf2+ 18. Kc1 Qxe1+ 19. Kc2 Bf5 20. Kb3 Bxd3 21. Bxd3 Qxe3 22. Bb5+ Ke7 23. Ka2 Qc5 24. Ba4 Qxd5+ 25. Bb3 Qc5 26. Nd2 f5 27. Nf3 a5 28. Rd1 a4 29. Bc2 Qc4+ 30. Kb1 Qf4 31. Nd2 Qxd2 32. Rxd2 Bxd2 33. Bd3 h5 34. Bf1 h4 35. c4 h3 36. Bxh3 Rxh3 37. c5 dxc5 38. Kc2 Bf4 39. Kb1 Rh2 40. Ka2 Bg5 41. Kb1 Bf6 42. Ka2 Rd8 43. Ka1 e4 44. Ka2 Rxb2+ 45. Ka1 Rd1# 0-1

[Event "4NCL Online Division 4"]
[Site "online"]
[Date "2021.04.06"]
[EventDate "2021.04.06"]
[Round "6.43"]
[White "Richards, Maurice A"]
[WhiteElo "1454"]
[WhiteTeam "Bude Surfers"]
[Black "Shah, Sailesh"]
[BlackElo "1200"]
[BlackTeam "Hatch End B"]
[Result "1-0"]
[PlyCount "96"]

1. Nf3 Nc6 2. d4 d5 3. e3 Bg4 4. Be2 Nf6 5. O-O Bxf3 6. Bxf3 e6 7. Nd2 Bd6 8. c4 O-O 9. a3 e5 10. cxd5 Ne7 11. dxe5 Bxe5 12. Nc4 Bd6 13. Nxd6 Qxd6 14. e4 Qe5 15. Re1 Rad8 16. Qe2 Ng6 17. g3 Rfe8 18. h4 Nxd5 19. exd5 Qxe2 20. Rxe2 Rxe2 21. Bxe2 Rxd5 22. Be3 h5 23. Rd1 c6 24. Rxd5 cxd5 25. Bxa7 Ne7 26. Bxh5 g6 27. Bf3 f5 28. Kf1 Kf7 29. Ke2 Ke6 30. Kd3 Nc6 31. Bd4 b5 32. Bc3 Kd6 33. b3 Ke6 34. a4 b4 35. Bd4 Na5 36. Bd1 Nc6 37. f3 Kd6 38. g4 f4 39. h5 gxh5 40. gxh5 Ke6 41. h6 Kf7 42. h7 Nxd4 43. Kxd4 Kg7 44. Kxd5 Kxh7 45. a5 Kg7 46. a6 Kf7 47. a7 Ke7 48. a8=Q Kd7 1-0

[Event "4NCL Online Division 4"]
[Site "online"]
[Date "2021.04.06"]
[EventDate "2021.04.06"]
[Round "6.44"]
[White "Smyth, Peter"]
[WhiteElo "970"]
[WhiteTeam "Hatch End B"]
[Black "Russell, Lloyd"]
[BlackElo "1259"]
[BlackTeam "Bude Surfers"]
[Result "0-1"]
[PlyCount "47"]

1. e4 c5 2. Bc4 d6 3. Qf3 Nf6 4. d4 cxd4 5. e5 dxe5 6. Bb5+ Nbd7 7. Nd2 a6 8. Ba4 e6 9. Ne4 Qa5+ 10. Nc3 dxc3 11. Bb3 cxb2+ 12. Bd2 bxa1=Q+ 13. Ke2 Qb5+ 14. c4 e4 15. Qh3 Qh5+ 16. Qxh5 Nxh5 17. g4 Nhf6 18. g5 Nh5 19. h4 g6 20. f3 exf3+ 21. Nxf3 Qxh1 22. Bc3 Bg7 23. Bxg7 Nxg7 24. Bc2 0-1

[Event "4NCL Online Division 4"]
[Site "online"]
[Date "2021.04.06"]
[EventDate "2021.04.06"]
[Round "6.51"]
[White "Ward, James"]
[WhiteElo "1892"]
[WhiteTeam "War & Piece 1"]
[Black "Brown, Geoffrey D"]
[BlackElo "1743"]
[BlackTeam "Darnall & Handsworth"]
[Result "1-0"]
[PlyCount "107"]

1. e4 c5 2. Nf3 d6 3. Nc3 g6 4. d4 cxd4 5. Qxd4 e5 6. Bb5+ Bd7 7. Qc4 Bxb5 8. Nxb5 Nc6 9. Bg5 Qd7 10. Rd1 Rc8 11. Qa4 f6 12. Be3 a6 13. Nc3 Nh6 14. Nd5 Qe6 15. Bb6 Kf7 16. Nc7 Rxc7 17. Bxc7 Be7 18. O-O Rc8 19. Bb6 Kg7 20. c3 Nf7 21. Be3 Ncd8 22. Rd5 f5 23. Rfd1 fxe4 24. Ne1 Ng5 25. Bxg5 Bxg5 26. Rxd6 Qf5 27. Qe8 e3 28. Qd7+ Qxd7 29. Rxd7+ Nf7 30. fxe3 Bxe3+ 31. Kf1 b5 32. Nf3 Rf8 33. Nxe5 Kg8 34. Nxf7 Rxf7+ 35. Rxf7 Kxf7 36. Ke2 Bg5 37. g3 Ke6 38. Kf3 Bf6 39. Ke4 a5 40. Rd5 b4 41. cxb4 axb4 42. b3 Bc3 43. Rb5 h6 44. Rb6+ Kf7 45. h3 h5 46. Kd5 g5 47. g4 hxg4 48. hxg4 Ke7 49. Rg6 Bd2 50. Kc4 Kd7 51. Rb6 Ke7 52. Rxb4 Bxb4 53. Kxb4 Ke6 54. a4 1-0

[Event "4NCL Online Division 4"]
[Site "online"]
[Date "2021.04.06"]
[EventDate "2021.04.06"]
[Round "6.52"]
[White "Brennan, Oliver"]
[WhiteElo "1687"]
[WhiteTeam "Darnall & Handsworth"]
[Black "O'Byrne, Daniel"]
[BlackElo "1844"]
[BlackTeam "War & Piece 1"]
[Result "0-1"]
[PlyCount "40"]

1. e4 c5 2. d4 cxd4 3. c3 d5 4. e5 dxc3 5. Nxc3 d4 6. Nb5 a6 7. Nxd4 Qa5+ 8. Qd2 Qxe5+ 9. Be2 Qc7 10. Ngf3 e5 11. Nb3 Nf6 12. O-O e4 13. Re1 Nc6 14. Nfd4 Bb4 15. Qg5 Bxe1 16. Bf4 h6 17. Qxg7 Bxf2+ 18. Kh1 Qxf4 19. Qxh8+ Ke7 20. Rd1 Nxd4 0-1

[Event "4NCL Online Division 4"]
[Site "online"]
[Date "2021.04.06"]
[EventDate "2021.04.06"]
[Round "6.53"]
[White "Kelly, Richard"]
[WhiteElo "1795"]
[WhiteTeam "War & Piece 1"]
[Black "Chatterton, Craig"]
[BlackElo "1630"]
[BlackTeam "Darnall & Handsworth"]
[Result "1/2-1/2"]
[PlyCount "68"]

1. d4 Nf6 2. c4 g6 3. Nc3 Bg7 4. e4 d6 5. Nf3 O-O 6. Bd3 Na6 7. O-O e5 8. d5 Nc5 9. b4 Nxd3 10. Qxd3 Nh5 11. Rb1 f5 12. exf5 Bxf5 13. Ne4 Qd7 14. Rb3 b6 15. Nh4 Nf4 16. Qc2 Rf7 17. Nxf5 Rxf5 18. Bxf4 exf4 19. Rd1 Re8 20. f3 Qd8 21. Ra3 Qh4 22. Qf2 Qxf2+ 23. Kxf2 Ra8 24. c5 bxc5 25. bxc5 dxc5 26. Nxc5 Bf8 27. Ra5 Rd8 28. Ne6 Rd7 29. Nxf8 Kxf8 30. Rxa7 Rfxd5 31. Rxd5 Rxd5 32. Rxc7 Rd2+ 33. Ke1 Rxa2 34. Kf1 Kg8 1/2-1/2

[Event "4NCL Online Division 4"]
[Site "online"]
[Date "2021.04.06"]
[EventDate "2021.04.06"]
[Round "6.54"]
[White "Holroyd-Doveton, Nathaniel"]
[WhiteElo "1642"]
[WhiteTeam "Darnall & Handsworth"]
[Black "Chwieseni, Edward I"]
[BlackElo "1656"]
[BlackTeam "War & Piece 1"]
[Result "1-0"]
[PlyCount "31"]

1. c4 e6 2. e4 Nc6 3. Nc3 Bb4 4. d4 d5 5. cxd5 exd5 6. exd5 Qxd5 7. Be3 Nf6 8. Nf3 Bg4 9. Be2 Ne4 10. Bd2 Nxd2 11. Nxd5 Nxf3+ 12. Kf1 Nd2+ 13. Kg1 Bxe2 14. Qxe2+ Kd7 15. Nxb4 Nxb4 16. Qxd2 1-0

[Event "4NCL Online Division 4"]
[Site "online"]
[Date "2021.04.06"]
[EventDate "2021.04.06"]
[Round "6.61"]
[White "Milnes, Anthony C P"]
[WhiteElo "1933"]
[WhiteTeam "Maidenhead 1"]
[Black "Littlefair, Paul"]
[BlackElo "1675"]
[BlackTeam "Watford 3"]
[Result "1-0"]
[PlyCount "91"]

1. f4 e5 2. e4 Bc5 3. Nf3 d6 4. Nc3 Nf6 5. Bc4 Nc6 6. d3 O-O 7. Na4 Bb6 8. Nxb6 axb6 9. O-O Be6 10. Bxe6 fxe6 11. fxe5 dxe5 12. b3 Ng4 13. c3 h6 14. h3 Nf6 15. a4 Qe8 16. Ba3 Rf7 17. b4 Nd7 18. b5 Ne7 19. Qb3 Ng6 20. d4 exd4 21. Nxd4 e5 22. Qxf7+ Qxf7 23. Rxf7 Kxf7 24. Rf1+ Kg8 25. Ne6 Rc8 26. Rd1 Nf6 27. Nd8 Nxe4 28. Bb4 c5 29. bxc6 bxc6 30. a5 bxa5 31. Bxa5 Nf6 32. Rd6 c5 33. Nb7 Ne4 34. Rxg6 Rb8 35. Rb6 Re8 36. Nd6 Nxd6 37. Rxd6 e4 38. Rd8 Kf7 39. Rxe8 Kxe8 40. Kf1 Kd7 41. Ke2 Ke6 42. Ke3 Kd5 43. Bd8 g6 44. c4+ Ke5 45. Bc7+ Kf5 46. g4+ 1-0

[Event "4NCL Online Division 4"]
[Site "online"]
[Date "2021.04.06"]
[EventDate "2021.04.06"]
[Round "6.62"]
[White "Shaw, David K"]
[WhiteElo "1641"]
[WhiteTeam "Watford 3"]
[Black "Smith, Nigel D"]
[BlackElo "1884"]
[BlackTeam "Maidenhead 1"]
[Result "0-1"]
[PlyCount "92"]

1. d4 d6 2. Bf4 g6 3. Nc3 Bg7 4. e4 Nd7 5. Nf3 e5 6. dxe5 dxe5 7. Bg5 f6 8. Bh4 Ne7 9. Bc4 c6 10. Qd6 Nb6 11. Qxd8+ Kxd8 12. O-O-O+ Kc7 13. Bb3 Bg4 14. Rd3 Nd7 15. h3 Bxf3 16. Rxf3 Rhf8 17. Na4 b5 18. Nc3 Nc5 19. Re1 a5 20. a4 Nxb3+ 21. cxb3 b4 22. Nb1 Nc8 23. Rd1 Nb6 24. Rfd3 Rad8 25. f3 Rxd3 26. Rxd3 Nd7 27. Bf2 Bh6+ 28. Kc2 f5 29. Nd2 Bxd2 30. Rxd2 fxe4 31. fxe4 Rf4 32. Kd3 Rf6 33. Kc4 Nb6+ 34. Bxb6+ Kxb6 35. Rd7 Rf2 36. Rxh7 Rxg2 37. Re7 Rxb2 38. Rxe5 Rc2+ 39. Kd4 Rc3 40. Re8 Rxb3 41. e5 Rxh3 42. e6 Kc7 43. Ke5 b3 44. e7 Kd7 45. Rc8 Re3+ 46. Kf6 Rxe7 0-1

[Event "4NCL Online Division 4"]
[Site "online"]
[Date "2021.04.06"]
[EventDate "2021.04.06"]
[Round "6.63"]
[White "Kapoor, Gurveen"]
[WhiteElo "1845"]
[WhiteTeam "Maidenhead 1"]
[Black "Vig, Sanjay"]
[BlackElo "1638"]
[BlackTeam "Watford 3"]
[Result "1-0"]
[PlyCount "57"]

1. d4 d5 2. Nf3 c6 3. g3 e6 4. Bg2 f5 5. O-O Nf6 6. Nbd2 Bd6 7. b3 O-O 8. Bb2 Nbd7 9. c4 Ne4 10. Ne5 Ndf6 11. f3 Nxd2 12. Qxd2 Bxe5 13. dxe5 Nd7 14. cxd5 cxd5 15. Rac1 Rf7 16. e4 dxe4 17. fxe4 Qb6+ 18. Bd4 Qd8 19. exf5 Nxe5 20. Qc3 Nc6 21. Bxc6 bxc6 22. fxe6 Rxf1+ 23. Rxf1 Bxe6 24. Bxg7 Qb6+ 25. Bd4 c5 26. Bxc5 Qc6 27. Qe3 Bh3 28. Qg5+ Qg6 29. Qd5+ 1-0

[Event "4NCL Online Division 4"]
[Site "online"]
[Date "2021.04.06"]
[EventDate "2021.04.06"]
[Round "6.64"]
[White "Hylands, Keith"]
[WhiteElo "1423"]
[WhiteTeam "Watford 3"]
[Black "Mashayekh, Majid"]
[BlackElo "1827"]
[BlackTeam "Maidenhead 1"]
[Result "0-1"]
[PlyCount "76"]

1. d4 Nf6 2. Bf4 d5 3. e3 e6 4. Bd3 Bd6 5. Bg3 O-O 6. Nf3 c5 7. c3 b6 8. Ne5 Bb7 9. Nd2 Nc6 10. Nxc6 Bxc6 11. Bxd6 Qxd6 12. O-O g6 13. a3 a5 14. a4 Kg7 15. Nf3 Nd7 16. g3 e5 17. Bb5 Bxb5 18. axb5 e4 19. Nd2 Rac8 20. b3 cxd4 21. cxd4 Qb4 22. Qe2 Rc2 23. Rfd1 Rfc8 24. Ra4 Qxb3 25. Nxb3 Rxe2 26. Raa1 Rcc2 27. Rf1 Rb2 28. Rab1 a4 29. Rxb2 Rxb2 30. Na1 a3 31. Rc1 a2 32. Nc2 Rb1 33. Rf1 Rxb5 34. Kg2 Rb1 35. Rg1 b5 36. h4 b4 37. Kh2 Rxg1 38. Kxg1 b3 0-1

[Event "4NCL Online Division 4"]
[Site "online"]
[Date "2021.04.06"]
[EventDate "2021.04.06"]
[Round "6.71"]
[White "Hall, John"]
[WhiteElo "2063"]
[WhiteTeam "Spirit of Atticus B"]
[Black "Marshall, John R"]
[BlackElo "1682"]
[BlackTeam "Temple Sutton"]
[Result "1-0"]
[PlyCount "65"]

1. e4 c5 2. Nf3 Nc6 3. Bb5 e6 4. Bxc6 bxc6 5. d3 d5 6. Nbd2 Nf6 7. O-O Be7 8. Re1 O-O 9. e5 Nd7 10. c3 Qc7 11. d4 cxd4 12. cxd4 c5 13. Nb3 cxd4 14. Nbxd4 Bc5 15. Be3 Nxe5 16. Nxe5 Qxe5 17. Nf3 Qd6 18. Bxc5 Qxc5 19. Rc1 Qb6 20. Qd2 Bb7 21. Ne5 Qd6 22. Rc3 Rac8 23. Rg3 g6 24. Qh6 Qe7 25. Rh3 f6 26. Nxg6 Qg7 27. Qxg7+ Kxg7 28. Nxf8 Rxf8 29. Rxe6 Kf7 30. Re1 Kg7 31. Re7+ Rf7 32. Rxf7+ Kxf7 33. Rxh7+ 1-0

[Event "4NCL Online Division 4"]
[Site "online"]
[Date "2021.04.06"]
[EventDate "2021.04.06"]
[Round "6.72"]
[White "Perks, Gary M"]
[WhiteElo "1577"]
[WhiteTeam "Temple Sutton"]
[Black "McLean, Ian"]
[BlackElo "2013"]
[BlackTeam "Spirit of Atticus B"]
[Result "0-1"]
[PlyCount "66"]

1. d4 f5 2. Bf4 Nf6 3. e3 e6 4. Bc4 Be7 5. Nf3 O-O 6. c3 d5 7. Bb3 b6 8. O-O Ne4 9. Nbd2 g5 10. Be5 Qe8 11. Bxc7 Ba6 12. c4 Nd7 13. Re1 Rc8 14. Be5 dxc4 15. Ba4 b5 16. Bc2 Nxd2 17. Qxd2 g4 18. Qa5 Rc6 19. Nd2 Nxe5 20. dxe5 Rb6 21. Qc3 Qc6 22. e4 f4 23. Bd1 b4 24. Qc2 f3 25. Rc1 Bg5 26. Nxf3 gxf3 27. Bxf3 Bxc1 28. Qxc1 Qc7 29. Qg5+ Qg7 30. Qd2 Rxf3 31. Qd8+ Rf8 32. Qxb6 axb6 33. Rd1 Qxe5 0-1

[Event "4NCL Online Division 4"]
[Site "online"]
[Date "2021.04.06"]
[EventDate "2021.04.06"]
[Round "6.73"]
[White "Buckley, Colm"]
[WhiteElo "1931"]
[WhiteTeam "Spirit of Atticus B"]
[Black "Audhora, Purba"]
[BlackElo "1560"]
[BlackTeam "Temple Sutton"]
[Result "1-0"]
[PlyCount "91"]

1. d4 Nf6 2. c4 e6 3. Nf3 d5 4. Nc3 Be7 5. Bf4 O-O 6. e3 c5 7. dxc5 Bxc5 8. Be2 Nc6 9. O-O h6 10. h3 Ne7 11. Rc1 Ng6 12. Bh2 b6 13. cxd5 exd5 14. a3 Bb7 15. b4 Be7 16. Qb3 Qd7 17. Rfd1 Rad8 18. Nb5 Rc8 19. Nxa7 Rxc1 20. Rxc1 Bd6 21. Bxd6 Qxd6 22. Nb5 Qe6 23. Nbd4 Qd6 24. a4 Ne4 25. Nb5 Qf6 26. Nbd4 Nh4 27. Bf1 Nxf3+ 28. Nxf3 Qg6 29. Bd3 Rd8 30. Bxe4 dxe4 31. Ne5 Qf6 32. Qxf7+ Qxf7 33. Nxf7 Kxf7 34. Rc7+ Kf6 35. Rxb7 Rd1+ 36. Kh2 Rd2 37. Rxb6+ Kf7 38. Kg3 h5 39. h4 Kg8 40. a5 Kf7 41. a6 Ra2 42. b5 Ke7 43. f3 exf3 44. Kxf3 Ra3 45. Rb7+ Kf6 46. a7 1-0

[Event "4NCL Online Division 4"]
[Site "online"]
[Date "2021.04.06"]
[EventDate "2021.04.06"]
[Round "6.74"]
[White "Clancy, Mark"]
[WhiteElo "1485"]
[WhiteTeam "Temple Sutton"]
[Black "Bimpson, Tom"]
[BlackElo "1971"]
[BlackTeam "Spirit of Atticus B"]
[Result "0-1"]
[PlyCount "146"]

1. e4 d6 2. d4 Nf6 3. Nc3 Nbd7 4. Nf3 e5 5. h3 Be7 6. Be3 c6 7. Bd3 Qc7 8. O-O h6 9. Qd2 Nf8 10. Rad1 g5 11. Nh2 Ng6 12. Be2 Nf4 13. Ng4 Nxe2+ 14. Qxe2 h5 15. Nxf6+ Bxf6 16. f3 Qe7 17. dxe5 dxe5 18. Qf2 b6 19. Rd2 Be6 20. Rfd1 Rg8 21. g4 Rh8 22. a3 Kf8 23. Kg2 Kg7 24. Kg3 Rh7 25. Ne2 Rah8 26. Ng1 Qc7 27. Qe2 Qc8 28. Bf2 Be7 29. Be3 f6 30. Bf2 c5 31. Be3 c4 32. c3 Kg6 33. Bf2 Bc5 34. Bxc5 Qxc5 35. Rd6 Qc8 36. R1d2 Re8 37. Qd1 Qc5 38. Kg2 hxg4 39. fxg4 Ree7 40. Qf3 Rhf7 41. Ne2 Rd7 42. Rxd7 Rxd7 43. Rxd7 Bxd7 44. Ng3 Qd6 45. Qe2 b5 46. Nf1 Bc6 47. Kg3 a5 48. Qd2 Qc5 49. Kf3 Qg1 50. Qe2 Qh1+ 51. Kg3 Qxe4 52. Qxe4+ Bxe4 53. Ne3 Bd3 54. Kf2 Kf7 55. Kg3 Ke6 56. Kf2 Be4 57. Kg3 Bg6 58. Kf3 e4+ 59. Kg3 Ke5 60. Kg2 f5 61. gxf5 Bxf5 62. Kg3 Be6 63. Ng4+ Bxg4 64. hxg4 Kd5 65. Kf2 Ke5 66. Ke3 a4 67. Ke2 Kf4 68. Kf2 Kxg4 69. Ke3 Kf5 70. Ke2 Kf4 71. Kf2 g4 72. Ke2 g3 73. Kf1 Kf3 0-1

[Event "4NCL Online Division 4"]
[Site "online"]
[Date "2021.04.06"]
[EventDate "2021.04.06"]
[Round "6.81"]
[White "Amir, Zain"]
[WhiteElo "1425"]
[WhiteTeam "Warwickshire Bears C"]
[Black "Lovatt, Peter G"]
[BlackElo "1776"]
[BlackTeam "Cheshire Cats"]
[Result "1/2-1/2"]
[PlyCount "42"]

1. c4 e5 2. Nc3 Nf6 3. g3 d5 4. cxd5 Nxd5 5. Bg2 Nb6 6. d3 Nc6 7. Nf3 Be7 8. O-O O-O 9. Be3 Be6 10. Qc2 f6 11. a3 Qd7 12. Rfd1 Nd4 13. Bxd4 exd4 14. Ne4 Rfd8 15. Rac1 c6 16. Nc5 Bxc5 17. Qxc5 Qd6 18. Qxd6 Rxd6 19. Kf1 Re8 20. Nd2 Bg4 21. Re1 Rde6 1/2-1/2

[Event "4NCL Online Division 4"]
[Site "online"]
[Date "2021.04.06"]
[EventDate "2021.04.06"]
[Round "6.82"]
[White "Penny, Liam"]
[WhiteElo "1743"]
[WhiteTeam "Cheshire Cats"]
[Black "Nasibova, Margarita"]
[BlackElo "1330"]
[BlackTeam "Warwickshire Bears C"]
[Result "1-0"]
[PlyCount "61"]

1. d4 Nf6 2. Nc3 g6 3. e4 d6 4. Be3 Bg7 5. Qd2 O-O 6. O-O-O Nbd7 7. Bh6 c6 8. h4 b5 9. f3 a5 10. h5 e5 11. Bxg7 Kxg7 12. hxg6 fxg6 13. d5 b4 14. Nb1 c5 15. Qh6+ Kg8 16. Nh3 Qe7 17. Ng5 a4 18. c4 bxc3 19. Nxc3 Ba6 20. Nb5 Bxb5 21. Bxb5 Rfb8 22. Bc6 Ra6 23. Rd2 Nb6 24. Rc2 Nc8 25. Rc4 a3 26. b3 Na7 27. Ba4 Rb4 28. Rxb4 cxb4 29. Kb1 Qb7 30. Ne6 Rxa4 31. Qf8# 1-0

[Event "4NCL Online Division 4"]
[Site "online"]
[Date "2021.04.06"]
[EventDate "2021.04.06"]
[Round "6.83"]
[White "Vaidyanathan, Sathya"]
[WhiteElo "1219"]
[WhiteTeam "Warwickshire Bears C"]
[Black "Bailey, Adrian"]
[BlackElo "1709"]
[BlackTeam "Cheshire Cats"]
[Result "0-1"]
[PlyCount "122"]

1. e4 c6 2. d4 d5 3. exd5 cxd5 4. Nf3 Bg4 5. Be2 e6 6. Bf4 Nc6 7. c3 Bd6 8. Ne5 Bxe2 9. Qxe2 Nf6 10. Nxc6 bxc6 11. Bxd6 Qxd6 12. Nd2 O-O 13. O-O c5 14. dxc5 Qxc5 15. Nb3 Qc7 16. Nd2 Rab8 17. Rab1 Qf4 18. Qf3 Qxd2 19. Rfd1 Qc2 20. Rdc1 Qa4 21. a3 Qe4 22. Qg3 Qg6 23. Qe3 Rb7 24. b4 Qe4 25. Qg3 Qc4 26. a4 Ne4 27. Qe3 Qa2 28. a5 Qd2 29. Qf3 Rc8 30. Re1 Rxc3 31. Qe2 Qxe2 32. Rxe2 Rbc7 33. Ree1 Nd2 34. Rbd1 Nb3 35. a6 Kf8 36. h3 Rc1 37. Rxc1 Nxc1 38. Kh2 Nd3 39. Rb1 Ke7 40. b5 Nc5 41. Kg3 e5 42. Kf3 f5 43. Ke3 d4+ 44. Kd2 Na4 45. f3 Nb6 46. Re1 Rc5 47. Rb1 Kd6 48. Kd1 Kd5 49. Kd2 e4 50. fxe4+ fxe4 51. Ke2 Rc2+ 52. Kf1 d3 53. Rd1 Kd4 54. h4 e3 55. Kg1 d2 56. Rf1 Rc1 57. Kh2 Rxf1 58. g4 d1=Q 59. h5 Qf3 60. h6 Rf2+ 61. Kg1 Qg2# 0-1

[Event "4NCL Online Division 4"]
[Site "online"]
[Date "2021.04.06"]
[EventDate "2021.04.06"]
[Round "6.84"]
[White "Cox, Paul"]
[WhiteElo "1590"]
[WhiteTeam "Cheshire Cats"]
[Black "Xia, Weiquan"]
[BlackElo "1223"]
[BlackTeam "Warwickshire Bears C"]
[Result "1-0"]
[PlyCount "47"]

1. c4 Nc6 2. d4 d5 3. Nf3 Bf5 4. cxd5 Qxd5 5. Nc3 Qd7 6. Bf4 Nf6 7. e3 O-O-O 8. Bb5 Qe8 9. Rc1 Bd7 10. d5 e5 11. Bg5 Nb8 12. Qb3 Bxb5 13. Nxb5 Na6 14. Nxa7+ Kb8 15. Nc6+ Kc8 16. Nxd8 Qxd8 17. Nxe5 Qe7 18. Bxf6 Qxf6 19. Nd3 Qg6 20. O-O Qxd3 21. Qxd3 g6 22. Qd4 Rg8 23. Qf6 Rg7 24. Rfd1 1-0

[Event "4NCL Online Division 4"]
[Site "online"]
[Date "2021.04.06"]
[EventDate "2021.04.06"]
[Round "6.91"]
[White "Whatmore, Steve"]
[WhiteElo "1810"]
[WhiteTeam "Rugeley Rangers"]
[Black "Duckers, Harvey L"]
[BlackElo "2065"]
[BlackTeam "Crowthorne 1"]
[Result "0-1"]
[PlyCount "76"]

1. d4 Nf6 2. Nf3 c5 3. d5 e6 4. c4 exd5 5. cxd5 d6 6. Nc3 g6 7. e4 Bg7 8. Nd2 a6 9. a4 O-O 10. Be2 Re8 11. Qc2 Nbd7 12. O-O Rb8 13. Re1 Ne5 14. f4 Ned7 15. Rb1 Qc7 16. Kh1 c4 17. Bxc4 b5 18. axb5 axb5 19. Bb3 b4 20. Na4 Qxc2 21. Bxc2 Nxd5 22. Nc4 b3 23. Bd1 Bf8 24. Bd2 Nb4 25. Nc3 Nc5 26. Nd5 Nxd5 27. exd5 Rxe1+ 28. Bxe1 Bf5 29. Ra1 Bd3 30. Rc1 Bxc4 31. Rxc4 Nd3 32. Bh4 Nxb2 33. Rc1 Nd3 34. Rb1 b2 35. Bc2 Nxf4 36. Bf6 Nxd5 37. Rxb2 Re8 38. Bd4 Bg7 0-1